000 00430nam a2200133Ia 4500
008 200902s9999 xx 000 0 und d
020 _a978-621-406-194-5
100 _aAbante, Marmelo V.
245 _cMarmelo V. Abante.--
_aWeb application programming /
260 _aManila :
_bMindshapers Co., Inc.
_c2018
300 _aviii , 230 pages :
_billustrations ;
_c25 cm.
650 _aComputer programming
650 _aWeb application
999 _c364023
_d364023